Small Business Management : An Entrepreneur's Guidebook. (Record no. 3183)

MARC details
005 - DATE AND TIME OF LATEST TRANSACTION
control field 20250605080433.0
020 ## - INTERNATIONAL STANDARD BOOK NUMBER
International Standard Book Number 0-07-249781-5
082 ## - DEWEY DECIMAL CLASSIFICATION NUMBER
Classification number TEA. LECT 658.022 MEG
100 ## - MAIN ENTRY--PERSONAL NAME
Author name MEGGINSON, L. C.
245 ## - TITLE STATEMENT
Title Small Business Management : An Entrepreneur's Guidebook.
250 ## - EDITION STATEMENT
Edition statement 4th Ed
260 ## - PUBLICATION, DISTRIBUTION, ETC.
Place of publication, distribution, etc. New York,
Name of publisher, distributor, etc. McGraw-Hill,
Date of publication, distribution, etc. 2003.
300 ## - PHYSICAL DESCRIPTION
Extent xxi, 518p.: ill.; figure
Other physical details Glossary & Index
Dimensions 26cm.
700 ## - ADDED ENTRY--PERSONAL NAME
Other authors/Editors BYRD, M. J. & MEGGINSON, W. L.
856 ## - ELECTRONIC LOCATION AND ACCESS
Link text Access Online Book
Electronic name Business
Path www.mhhe.com
942 ## - ADDED ENTRY ELEMENTS (KOHA)
Source of classification or shelving scheme Dewey Decimal Classification
Koha item type Books
Holdings
Date last seen Total checkouts Full call number Barcode Cost, replacement price Price effective from Koha item type Lost status Source of classification or shelving scheme Damaged status Not for loan Withdrawn status Home library Current library Shelving location Date acquired Cost, normal purchase price
06/05/2025   TEA. LECT 658.022 MEG 00000011127 242172.00 06/05/2025 Books   Dewey Decimal Classification       College of Business Education Main Library College of Business Education Main Library General Collection 04/22/2005 80724.00
06/05/2025   TEA. LECT 658.022 MEG 00000011128 242172.00 06/05/2025 Books   Dewey Decimal Classification       College of Business Education Main Library College of Business Education Main Library General Collection 04/22/2005 80724.00
06/06/2025   TEA. LECT 658.022 MEG 00000011220 242172.00 06/06/2025 Books   Dewey Decimal Classification       College of Business Education Main Library College of Business Education Main Library General Collection 04/22/2005 80724.00